[Event "Ambelokipi op 136th"]
[Site "Athens"]
[Date "2013.08.08"]
[Round "7"]
[White "Kakadelis, Efstratios"]
[Black "Dimitriadis, Panagiotis"]
[Result "1-0"]
[WhiteElo "1624"]
[BlackElo "1457"]
[PlyCount "133"]
[EventDate "2013.07.31"]
[EventType "swiss"]
[EventRounds "7"]
[EventCountry "GRE"]
[SourceTitle "EXT 2024"]
[Source "ChessBase"]
[SourceDate "2023.10.10"]
[SourceVersion "1"]
[SourceVersionDate "2023.10.10"]
[SourceQuality "1"]

1. e4 e5 2. Nf3 Nf6 3. Nc3 Nc6 4. Bc4 Bc5 5. 0-0 0-0 6. d3 d6 7. Bg5 Be6 8. a3 a5 9. h3 Nd4 10. Nd5 Bxd5 11. Bxd5 c6 12. Ba2 Ne6 13. Bd2 Qc7 14. Qe2 h6 15. c3 a4 16. Rad1 Rad8 17. Bc1 Rfe8 18. Nh4 d5 19. Nf5 dxe4 20. dxe4 Rxd1 21. Rxd1 Rd8 22. Bxe6 Rxd1+ 23. Qxd1 fxe6 24. Ng3 b5 25. Qf3 Qf7 26. Kf1 Nh7 27. Qe2 Nf6 28. Ke1 Qd7 29. Qf3 Qf7 30. Be3 Bxe3 31. Qxe3 Qe7 32. Ne2 Qd6 33. Nc1 Nd7 34. Ke2 Qc5 35. Nd3 Qxe3+ 36. Kxe3 Kf7 37. Nb4 Nb8 38. f4 exf4+ 39. Kxf4 Kf6 40. e5+ Kf7 41. Ke4 c5 42. Nc2 Na6 43. Ne1 Ke7 44. Nd3 Kf7 45. Nf2 Ke7 46. Ke3 Kd7 47. Ke4 Ke7 48. Nd3 Kd7 49. Nf4 Ke7 50. h4 Kf7 51. h5 Nc7 52. Nd3 Na6 53. Ke3 Ke7 54. Nf2 Kd7 55. Ne4 Ke7 56. Nd6 Nc7 57. Ke4 Kd7 58. c4 bxc4 59. Nxc4 Kc6 60. Nd6 Kd7 61. Kd3 Nd5 62. g3 Nb6 63. Nc4 Nxc4 64. Kxc4 Kc6 65. g4 Kb6 66. b3 axb3 67. Kxb3 1-0